Estadísticas para Nombra a estas leyendas del fútbol

Haz click aquí para intentar la prueba.

Estadísticas generales

  • Esta prueba ha sido intentada 380 veces
  • La puntuación promedio es 6 de 12

Estadísticas de respuestas

Respuesta% Correcto
David Villa
96%
Deco
87%
Oliver Kahn
85%
Ferenc Puskas
73%
Mario Kempes
64%
David Trezeguet
60%
Zico
60%
Iván Zamorano
24%
Paulo Futre
22%
Roy Makaay
17%
Álvaro Recoba
15%
Christian Vieri
15%

Distribución de puntuación

Porcentaje por número respondido

Porcentaje de gente con cada puntuación

Historial de tus puntuaciones

No has intentado esta prueba.